Hydraulics And Pneumatics Of Technician's And Engineer's Guide (Record no. 295943)

MARC details
000 -LEADER
fixed length control field 00474nam a2200169Ia 4500
008 - FIXED-LENGTH DATA ELEMENTS--GENERAL INFORMATION
fixed length control field 230718s9999 xx 000 0 und d
020 ## - INTERNATIONAL STANDARD BOOK NUMBER
International Standard Book Number 8172241895
041 ## - LANGUAGE CODE
Language code of text/sound track or separate title eng
082 ## - DEWEY DECIMAL CLASSIFICATION NUMBER
Item number PAR
100 ## - MAIN ENTRY--PERSONAL NAME
Personal name Parr A.
9 (RLIN) 146065
245 ## - TITLE STATEMENT
Title Hydraulics And Pneumatics Of Technician's And Engineer's Guide
260 ## - PUBLICATION, DISTRIBUTION, ETC. (IMPRINT)
Date of publication, distribution, etc. 1993
Name of publisher, distributor, etc. Johnson And Phillips
300 ## - PHYSICAL DESCRIPTION
Extent 223
Accompanying material [OBSOLETE, CAN/MARC] Ref 223 I (11725)
365 ## - TRADE PRICE
Currency code Rs.
Price amount 320.00
700 ## - ADDED ENTRY--PERSONAL NAME
Personal name Parr A.
9 (RLIN) 146065
906 ## - LOCAL DATA ELEMENT F, LDF (RLIN)
d B:184124-Feb-1997
c INST
b 48
Holdings
Withdrawn status Lost status Damaged status Not for loan Home library Current library Date acquired Vendor Budget Code Cost, normal purchase price Bill number Barcode Date last seen Discount Cost, replacement price Bill Date Koha item type Original Barcode
Withdrawn       Cummins College of Engineering for Women Pune Cummins College of Engineering for Women Pune 24/02/1997 Pradeep Book Distributors INST 272.00 1841 CCEP-BK-7149 18/07/2023 48 320.00 24/02/1997 Books 007149